[Event "FIDE Grand Prix #2 (w)"]
[Site "Nanjing CHN"]
[Date "2009.09.29"]
[Round "2"]
[White "Xu Yuhua"]
[Black "Shen Yang"]
[Result "1-0"]
[WhiteElo "2485"]
[BlackElo "2453"]
[EventDate "2009.09.27"]
[PlyCount "89"]

1.e4 e5 2.Nf3 Nc6 3.Bb5 a6 4.Ba4 Nf6 5.O-O Be7 6.Re1 b5 7.Bb3 d6 8.c3 O-O 
9.h3 Re8 10.d4 Bb7 11.Nbd2 Bf8 12.a3 h6 13.d5 Ne7 14.Nh2 Nd7 15.Ndf1 Nc5 
16.Bc2 f5 17.exf5 Nxd5 18.b4 Nd7 19.Bb3 c6 20.Ne3 Nf6 21.Nhg4 Kh8 22.Nxd5 
Nxd5 23.Bxd5 cxd5 24.f6 Re6 25.f4 gxf6 26.f5 Re7 27.Bxh6 Bxh6 28.Nxh6 Qb6+
29.Kh2 Rh7 30.Ng4 Rf8 31.Re3 Qc6 32.Rg3 Qc4 33.Ne3 Qf4 34.Qg4 Qxg4 35.Rxg4
Rc7 36.Rd1 Rxc3 37.Nxd5 Rc2 38.Ne7 Rd8 39.Rd3 Rc4 40.Rg6 Re8 41.Nd5 Rg8 
42.Nxf6 Rxg6 43.fxg6 d5 44.Rg3 Rc7 45.Ne8 1-0

[Event "FIDE Grand Prix #2 (w)"]
[Site "Nanjing CHN"]
[Date "2009.09.29"]
[Round "2"]
[White "Yildiz, Betul Cemre"]
[Black "Dzagnidze, Nana"]
[Result "0-1"]
[WhiteElo "2224"]
[BlackElo "2535"]
[EventDate "2009.09.27"]
[PlyCount "85"]

1.e4 g6 2.d4 Bg7 3.c4 Nc6 4.Be3 d6 5.Nc3 e5 6.Nge2 f5 7.exf5 Bxf5 8.d5 
Nce7 9.Ng3 Nf6 10.Be2 O-O 11.O-O c5 12.a3 Bd7 13.b4 b6 14.Rb1 Nf5 15.Nxf5 
gxf5 16.f3 Qe8 17.bxc5 dxc5 18.a4 Qg6 19.Qc2 e4 20.f4 Ne8 21.a5 Bd4 22.Qd2
Qf6 23.Nd1 Nd6 24.Kh1 Rfb8 25.Qa2 Kg7 26.Bd2 b5 27.cxb5 Bxb5 28.Bxb5 Rxb5 
29.Ne3 Rab8 30.Nc2 a6 31.Rxb5 Rxb5 32.Rb1 Bc3 33.Rxb5 Nxb5 34.Be3 Nd4 35.
Qa4 Nxc2 36.Qxc2 Bd4 37.Bc1 Qh4 38.Qe2 Qf2 39.Qxf2 Bxf2 40.g3 Kf7 41.Kg2 
Be1 42.Kf1 Bxa5 43.Ke2 0-1

[Event "FIDE Grand Prix #2 (w)"]
[Site "Nanjing CHN"]
[Date "2009.09.29"]
[Round "2"]
[White "Zhao Xue"]
[Black "Ju Wenjun"]
[Result "0-1"]
[WhiteElo "2542"]
[BlackElo "2443"]
[EventDate "2009.09.27"]
[PlyCount "77"]

1.d4 Nf6 2.c4 g6 3.Nc3 d5 4.Bg5 Ne4 5.Bh4 Nxc3 6.bxc3 dxc4 7.e3 Be6 8.Be2 
c6 9.Nf3 Bg7 10.O-O b5 11.a4 a6 12.Qc2 f5 13.e4 h6 14.exf5 Bxf5 15.Qc1 Nd7
16.Re1 g5 17.Bg3 O-O 18.h4 g4 19.Nh2 Nf6 20.Be5 Qd7 21.f3 gxf3 22.Bxf3 Nd5
23.Bxg7 Kxg7 24.Re5 Rae8 25.Qd2 e6 26.Bh5 Re7 27.Rf1 Nf6 28.Be2 Ref7 29.
Re1 Kh7 30.Bf3 Rg7 31.Kh1 Rfg8 32.Qf4 Nd5 33.Qd2 Nf6 34.Qf4 Nd5 35.Qd2 Qd8
36.Rxe6 Qxh4 37.R6e5 Bd3 38.Rh5 Qf4 39.Qf2 0-1

[Event "FIDE Grand Prix #2 (w)"]
[Site "Nanjing CHN"]
[Date "2009.09.30"]
[Round "3"]
[White "Mkrtchian, Lilit"]
[Black "Xu Yuhua"]
[Result "0-1"]
[WhiteElo "2469"]
[BlackElo "2485"]
[EventDate "2009.09.27"]
[PlyCount "76"]

1.d4 Nf6 2.c4 e6 3.Nc3 Bb4 4.Qc2 O-O 5.a3 Bxc3+ 6.Qxc3 d5 7.e3 b6 8.Nf3 
Nbd7 9.b3 Ba6 10.Bb2 c5 11.Rd1 Rc8 12.Nd2 Qe7 13.Be2 dxc4 14.Nxc4 b5 15.
Qa5 bxc4 16.Qxa6 cxd4 17.bxc4 Nc5 18.Qa5 dxe3 19.fxe3 Qb7 20.Bxf6 Qxg2 21.
Rf1 gxf6 22.Qxa7 Qxh2 23.Rf2 Qe5 24.Qe7 Ne4 25.Rg2+ Kh8 26.Rd4 Rce8 27.Qb7
f5 28.Qb5 Qf6 29.Rxe4 fxe4 30.Qb1 Qc3+ 31.Kf2 f5 32.Rh2 f4 33.Qxe4 fxe3+ 
34.Kg3 Rg8+ 35.Kh3 Rg6 36.Rg2 Rh6+ 37.Kg3 Rg8+ 38.Bg4 e2+ 0-1

[Event "FIDE Grand Prix #2 (w)"]
[Site "Nanjing CHN"]
[Date "2009.10.01"]
[Round "4"]
[White "Shen Yang"]
[Black "Mkrtchian, Lilit"]
[Result "1/2-1/2"]
[WhiteElo "2453"]
[BlackElo "2469"]
[EventDate "2009.09.27"]
[PlyCount "57"]

1.d4 e6 2.c4 Nf6 3.Nc3 Bb4 4.e3 O-O 5.Bd3 c5 6.Ne2 d5 7.a3 cxd4 8.axb4 
dxc3 9.Nxc3 Nc6 10.b5 Nb4 11.O-O Nxd3 12.Qxd3 b6 13.cxd5 Nxd5 14.Nxd5 Qxd5
15.Qxd5 exd5 16.Rd1 Be6 17.Bd2 Rfc8 18.Bb4 Rc4 19.Bd6 Rc2 20.Ba3 f6 21.h3 
Kf7 22.Rd4 Rac8 23.Kf1 R8c4 24.Rad1 Rxd4 25.Rxd4 Rc4 26.Ke1 Rxd4 27.exd4 
Bd7 28.Bd6 Bxb5 29.Bb8 1/2-1/2

[Event "FIDE Grand Prix #2 (w)"]
[Site "Nanjing CHN"]
[Date "2009.10.02"]
[Round "5"]
[White "Ju Wenjun"]
[Black "Kovanova, Baira"]
[Result "1/2-1/2"]
[WhiteElo "2443"]
[BlackElo "2408"]
[EventDate "2009.09.27"]
[PlyCount "118"]

1.d4 Nf6 2.c4 e6 3.Nf3 b6 4.g3 Ba6 5.Qc2 c5 6.d5 exd5 7.cxd5 Bb7 8.Bg2 
Nxd5 9.O-O Be7 10.Rd1 Qc8 11.a3 Nf6 12.Bg5 O-O 13.Nc3 d5 14.Bxf6 Bxf6 15.
Nxd5 Bxd5 16.Rxd5 Nc6 17.Rad1 Nd4 18.Qd2 Nxf3+ 19.Bxf3 Rb8 20.Qc2 Qe6 21.
b4 cxb4 22.axb4 Qe7 23.Qa4 a5 24.bxa5 bxa5 25.Rxa5 Rfd8 26.Rxd8+ Rxd8 27.
Ra7 Qe6 28.Kg2 g6 29.Qb5 Kg7 30.Rb7 h5 31.h4 Rd6 32.Rb8 Rd8 33.Rxd8 Bxd8 
34.Bxh5 gxh5 35.Qxh5 Bb6 36.Qf3 f5 37.e3 Kg6 38.Kh2 Bc7 39.Qb7 Bd6 40.Qa8 
Kg7 41.Qd8 Be7 42.Qd4+ Bf6 43.Qf4 Be7 44.Kh3 Qd5 45.Qd4+ Qxd4 46.exd4 Bf6 
47.d5 Bd4 48.f4 Kf7 49.g4 Ke7 50.gxf5 Kd6 51.Kg4 Bf6 52.Kh5 Kxd5 53.Kg6 
Bxh4 54.f6 Ke4 55.f5 Ke5 56.f7 Be7 57.Kg7 Kxf5 58.f8=Q+ Bxf8+ 59.Kxf8 Ke4 
1/2-1/2

[Event "FIDE Grand Prix #2 (w)"]
[Site "Nanjing CHN"]
[Date "2009.10.02"]
[Round "5"]
[White "Mkrtchian, Lilit"]
[Black "Zhao Xue"]
[Result "1-0"]
[WhiteElo "2469"]
[BlackElo "2542"]
[EventDate "2009.09.27"]
[PlyCount "63"]

1.d4 Nf6 2.c4 e6 3.Nc3 Bb4 4.e3 O-O 5.Ne2 d5 6.a3 Be7 7.cxd5 Nxd5 8.g3 c5 
9.Bg2 Nxc3 10.bxc3 Nc6 11.O-O Qc7 12.Rb1 Rd8 13.Nf4 b6 14.Qe2 cxd4 15.cxd4
Bb7 16.d5 exd5 17.Nxd5 Nd4 18.Qh5 Ne2+ 19.Kh1 Rxd5 20.Bxd5 Nc3 21.Qxf7+ 
Kh8 22.e4 Rf8 23.Qe6 Nxd5 24.exd5 Qc4 25.Kg1 Bc5 26.Be3 Bxd5 27.Qe5 Bxe3 
28.Qxe3 Bf3 29.Rb4 Qc8 30.Rf4 Bc6 31.Rc1 Re8 32.Re4 1-0

[Event "FIDE Grand Prix #2 (w)"]
[Site "Nanjing CHN"]
[Date "2009.10.02"]
[Round "5"]
[White "Batkhuyag, Munguntuul"]
[Black "Xu Yuhua"]
[Result "1-0"]
[WhiteElo "2418"]
[BlackElo "2485"]
[EventDate "2009.09.27"]
[PlyCount "99"]

1.e4 e6 2.d4 d5 3.Nc3 Nf6 4.e5 Nfd7 5.f4 c5 6.Nf3 Nc6 7.Be3 Be7 8.Qd2 O-O 
9.dxc5 Bxc5 10.Bxc5 Nxc5 11.O-O-O Qa5 12.Kb1 Bd7 13.h4 b5 14.Nxb5 Qb6 15.
Nd6 Rab8 16.b3 a5 17.Nd4 Nb4 18.a3 Nxc2 19.Qxc2 Nxb3 20.Qxb3 Qxb3+ 21.Nxb3
Rxb3+ 22.Ka2 Rfb8 23.Rh3 Rb2+ 24.Ka1 f6 25.Rc1 fxe5 26.fxe5 h5 27.Rf3 a4 
28.g3 Rd2 29.Rb1 Rd8 30.Ba6 Rc2 31.Bd3 Rd2 32.Bg6 d4 33.Rd3 Rg2 34.Bxh5 
Rf8 35.Bg6 Bc6 36.Be4 Bxe4 37.Nxe4 Rc8 38.Ng5 g6 39.Rxd4 Rxg3 40.Rxa4 Re3 
41.Ne4 Rc7 42.Nf6+ Kf7 43.Rf1 Ke7 44.Ng8+ Kd7 45.Rf7+ Kc8 46.Rxc7+ Kxc7 
47.Ne7 Rg3 48.Kb2 g5 49.hxg5 Rxg5 50.Rc4+ 1-0

[Event "FIDE Grand Prix #2 (w)"]
[Site "Nanjing CHN"]
[Date "2009.10.04"]
[Round "6"]
[White "Mkrtchian, Lilit"]
[Black "Fierro Baquero, Martha"]
[Result "1-0"]
[WhiteElo "2469"]
[BlackElo "2386"]
[EventDate "2009.09.27"]
[PlyCount "49"]

1.d4 Nf6 2.c4 g6 3.Nc3 Bg7 4.e4 d6 5.Nf3 O-O 6.h3 e5 7.d5 a5 8.Be3 Na6 9.
g4 Nd7 10.a3 f5 11.gxf5 gxf5 12.exf5 Nf6 13.Qc2 c6 14.Ng5 cxd5 15.cxd5 Qc7
16.Rc1 Bd7 17.Ne6 Bxe6 18.fxe6 Rac8 19.Qd1 Nc5 20.Na4 Nfe4 21.Nxc5 dxc5 
22.Bg2 Nd6 23.Rxc5 Qe7 24.O-O Nc4 25.Rxc4 1-0

[Event "FIDE Grand Prix #2 (w)"]
[Site "Nanjing CHN"]
[Date "2009.10.04"]
[Round "6"]
[White "Xu Yuhua"]
[Black "Dzagnidze, Nana"]
[Result "0-1"]
[WhiteElo "2485"]
[BlackElo "2535"]
[EventDate "2009.09.27"]
[PlyCount "70"]

1.e4 c5 2.Nf3 d6 3.d4 cxd4 4.Qxd4 Nf6 5.Bg5 e5 6.Bxf6 gxf6 7.Qe3 Be6 8.Nc3
Nc6 9.Be2 a6 10.a3 Rc8 11.O-O-O Bg7 12.Kb1 O-O 13.g4 b5 14.Rhg1 b4 15.Nd5 
Qa5 16.a4 Qxa4 17.b3 Qa3 18.Bc4 Na5 19.Ne7+ Kh8 20.Bxe6 Rc3 21.Rd3 fxe6 
22.Rxc3 bxc3 23.Qxc3 Nb7 24.Rd1 d5 25.Nc6 d4 26.Qb4 Qxb4 27.Nxb4 Nc5 28.
Re1 f5 29.exf5 e4 30.Ng5 exf5 31.gxf5 d3 32.Ne6 Nxe6 33.fxe6 Bc3 34.Rd1 
Bxb4 35.cxd3 Rxf2 0-1

[Event "FIDE Grand Prix #2 (w)"]
[Site "Nanjing CHN"]
[Date "2009.10.05"]
[Round "7"]
[White "Fierro Baquero, Martha"]
[Black "Zhao Xue"]
[Result "0-1"]
[WhiteElo "2386"]
[BlackElo "2542"]
[EventDate "2009.09.27"]
[PlyCount "134"]

1.e4 e5 2.Nf3 Nc6 3.Bb5 a6 4.Ba4 Nf6 5.O-O Be7 6.d3 b5 7.Bb3 d6 8.c3 O-O 
9.Re1 Na5 10.Bc2 c5 11.Nbd2 Nc6 12.Nf1 h6 13.h3 Be6 14.Ng3 Rc8 15.a3 Re8 
16.d4 cxd4 17.cxd4 exd4 18.Ne2 Bf8 19.Nexd4 Bd7 20.Bf4 Ne5 21.Bg3 Qc7 22.
Rc1 Qb7 23.Nxe5 dxe5 24.Nf3 Bc6 25.Nxe5 Bxe4 26.Bxe4 Nxe4 27.Rxc8 Rxc8 28.
Qf3 Nd6 29.Qxb7 Nxb7 30.Nd7 Bd6 31.Bxd6 Nxd6 32.Re2 a5 33.Rd2 Rc6 34.Ne5 
Ra6 35.Rc2 f6 36.Nc6 a4 37.Nd4 Ra7 38.Rc6 Rd7 39.Rb6 Nc4 40.Rb8+ Kf7 41.
Nxb5 Nxb2 42.Nc3 Rd3 43.Ne4 Nd1 44.Rb7+ Kg6 45.g4 h5 46.gxh5+ Kh6 47.Ng3 
Rxa3 48.Nf5+ Kg5 49.Ng3 Kh6 50.Nf5+ Kxh5 51.Rxg7 Rf3 52.Ng3+ Kh6 53.Rd7 
Nc3 54.Kg2 Rf4 55.Ra7 Rb4 56.Nf5+ Kg5 57.Ne3 Kg6 58.Ra6 Kf7 59.Kg3 Rb3 60.
Ng4 Nd5+ 61.f3 a3 62.h4 Nb4 63.Rxf6+ Ke7 64.Rf5 a2 65.Ra5 Rb1 66.Ra7+ Ke6 
67.h5 a1=Q 0-1

[Event "FIDE Grand Prix #2 (w)"]
[Site "Nanjing CHN"]
[Date "2009.10.05"]
[Round "7"]
[White "Ju Wenjun"]
[Black "Xu Yuhua"]
[Result "0-1"]
[WhiteElo "2443"]
[BlackElo "2485"]
[EventDate "2009.09.27"]
[PlyCount "66"]

1.Nf3 Nf6 2.g3 e6 3.Bg2 d5 4.O-O Be7 5.c4 O-O 6.Qc2 c5 7.d4 cxd4 8.Nxd4 
Nc6 9.Nxc6 bxc6 10.b3 Ba6 11.Nd2 Rc8 12.Bb2 Nd7 13.Rfd1 Qb6 14.Rac1 Rfd8 
15.e3 h6 16.Qb1 Nf6 17.Qa1 c5 18.cxd5 exd5 19.Nf3 Qe6 20.Ne5 Ne4 21.Qb1 
Ng5 22.Rc2 Nh3+ 23.Kh1 d4 24.exd4 cxd4 25.Rxc8 Nxf2+ 26.Kg1 Rxc8 27.Kxf2 
Qxe5 28.Kg1 Qe3+ 29.Kh1 Bf6 30.Re1 Qf2 31.Be4 Be2 32.Bg2 d3 33.Bxf6 d2 0-1

[Event "FIDE Grand Prix #2 (w)"]
[Site "Nanjing CHN"]
[Date "2009.10.05"]
[Round "7"]
[White "Batkhuyag, Munguntuul"]
[Black "Mkrtchian, Lilit"]
[Result "1/2-1/2"]
[WhiteElo "2418"]
[BlackElo "2469"]
[EventDate "2009.09.27"]
[PlyCount "128"]

1.e4 c6 2.d4 d5 3.Nc3 dxe4 4.Nxe4 Bf5 5.Ng3 Bg6 6.Bc4 e6 7.Nf3 Nd7 8.O-O 
Ngf6 9.Re1 Be7 10.Nh4 O-O 11.Nxg6 hxg6 12.Bb3 c5 13.Be3 cxd4 14.Bxd4 Bc5 
15.Bc3 a5 16.a4 Qb6 17.Qf3 Bb4 18.Bxb4 Qxb4 19.Ne4 Rad8 20.Qc3 Qxc3 21.
Nxc3 Nc5 22.Bc4 Rd2 23.Re2 Rfd8 24.Kf1 Kf8 25.Ke1 R2d4 26.b3 Ke7 27.Rd1 
Rxd1+ 28.Nxd1 Nfe4 29.f3 Nd6 30.Nb2 b6 31.Rd2 Rh8 32.h3 g5 33.Bf1 Rc8 34.
Nd3 Nxd3+ 35.Bxd3 e5 36.Re2 Ke6 37.Kd2 f5 38.Re1 Rd8 39.Kc3 Rc8+ 40.Kd2 
Kd5 41.c4+ Ke6 42.Kc3 Nb7 43.b4 axb4+ 44.Kxb4 Rc5 45.g4 g6 46.gxf5+ gxf5 
47.h4 gxh4 48.Rh1 Nd6 49.Rxh4 e4 50.Rh6+ Kd7 51.fxe4 fxe4 52.Bf1 Kc7 53.
Rh7+ Kc6 54.Re7 Rh5 55.Bg2 Rh4 56.Rg7 Nf5 57.Rg5 Ne3 58.Rg6+ Kc7 59.c5 
bxc5+ 60.Kxc5 Rh5+ 61.Kd4 Nxg2 62.Rxg2 Rh4 63.Re2 e3+ 64.Kxe3 Rxa4 1/2-1/2

[Event "FIDE Grand Prix #2 (w)"]
[Site "Nanjing CHN"]
[Date "2009.10.06"]
[Round "8"]
[White "Fierro Baquero, Martha"]
[Black "Batkhuyag, Munguntuul"]
[Result "0-1"]
[WhiteElo "2386"]
[BlackElo "2418"]
[EventDate "2009.09.27"]
[PlyCount "94"]

1.e4 e5 2.Nf3 Nc6 3.Bb5 a6 4.Ba4 Nf6 5.d3 b5 6.Bb3 Bc5 7.a4 Bb7 8.O-O d6 
9.Nc3 b4 10.Ne2 h6 11.Ng3 Bc8 12.c3 O-O 13.d4 exd4 14.cxd4 Ba7 15.Be3 d5 
16.e5 Ne4 17.Qd3 Be6 18.Bc2 Ne7 19.Nh4 b3 20.Bxb3 c5 21.Bc2 c4 22.Qe2 Nc6 
23.Nf3 Nxg3 24.fxg3 Qd7 25.Kh1 Rab8 26.Bb1 Bf5 27.Qd2 Bxb1 28.Raxb1 Qg4 
29.b3 cxb3 30.Rfc1 Qe4 31.Qc3 b2 32.Rc2 Nxe5 33.Nxe5 Rfc8 34.Nc6 Rxc6 35.
Qxc6 Qxe3 36.Qxa6 Bxd4 37.Qf1 Qb3 38.Qd1 Qxa4 39.Rd2 Qxd1+ 40.Rdxd1 Rb4 
41.g4 Kf8 42.g3 Ke7 43.Kg2 Kd6 44.Kf3 Kc5 45.Ke2 Kc4 46.Rf1 f6 47.Rf3 Bc3 
0-1

[Event "FIDE Grand Prix #2 (w)"]
[Site "Nanjing CHN"]
[Date "2009.10.06"]
[Round "8"]
[White "Mkrtchian, Lilit"]
[Black "Dzagnidze, Nana"]
[Result "1/2-1/2"]
[WhiteElo "2469"]
[BlackElo "2535"]
[EventDate "2009.09.27"]
[PlyCount "42"]

1.d4 Nf6 2.c4 e6 3.Nc3 Bb4 4.e3 O-O 5.Nf3 d5 6.Bd3 c5 7.O-O cxd4 8.exd4 
dxc4 9.Bxc4 b6 10.Bg5 Bb7 11.Ne5 Bxc3 12.bxc3 Nbd7 13.Nxd7 Qxd7 14.Bxf6 
gxf6 15.d5 Bxd5 16.Qg4+ Kh8 17.Qh4 Bxc4 18.Qxf6+ Kg8 19.Qg5+ Kh8 20.Qf6+ 
Kg8 21.Qg5+ Kh8 1/2-1/2

[Event "FIDE Grand Prix #2 (w)"]
[Site "Nanjing CHN"]
[Date "2009.10.06"]
[Round "8"]
[White "Zhao Xue"]
[Black "Kovanova, Baira"]
[Result "1/2-1/2"]
[WhiteElo "2542"]
[BlackElo "2408"]
[EventDate "2009.09.27"]
[PlyCount "144"]

1.d4 Nf6 2.c4 e6 3.Nf3 b6 4.g3 Ba6 5.Qc2 Bb7 6.Bg2 Be7 7.Nc3 d5 8.Ne5 O-O 
9.O-O c6 10.Rd1 Nbd7 11.e4 dxc4 12.Nxc4 b5 13.Ne5 Nxe5 14.dxe5 Nd7 15.Be3 
Qc8 16.f4 a6 17.a4 b4 18.Nb1 a5 19.Bf1 c5 20.Nd2 Qc7 21.Bb5 Bc6 22.Bxc6 
Qxc6 23.Nc4 f6 24.exf6 Nxf6 25.e5 Nd5 26.Qe4 g6 27.Rd2 Rfd8 28.Bf2 Qe8 29.
Rc2 Qf7 30.Rac1 Qf5 31.Qxf5 gxf5 32.Kf1 Rd7 33.Ke2 Ra6 34.Nd2 Nb6 35.Bxc5 
Bxc5 36.Rxc5 Nxa4 37.Rc8+ Kg7 38.Nb3 Raa7 39.R8c2 Rd5 40.Ra1 Nb6 41.Rc6 
Nd7 42.Rxe6 Nc5 43.Nxc5 Rxc5 44.Rd6 a4 45.Kd3 b3 46.Rd4 Rc2 47.Raxa4 Re7 
48.h3 Rxb2 49.g4 fxg4 50.hxg4 Rg2 51.g5 Kg6 52.Ke4 b2 53.Rab4 Kh5 54.Kf3 
Rc2 55.Rd6 Rc3+ 56.Ke4 Kg4 57.Rxb2 Rc4+ 58.Kd5 Rxf4 59.Rg2+ Kf3 60.Rf6 
Kxg2 61.Rxf4 Kg3 62.Rf6 Kg4 63.Kd6 Ra7 64.g6 hxg6 65.Rxg6+ Kf5 66.Rf6+ Kg5
67.Ke6 Ra6+ 68.Kf7 Ra7+ 69.Kf8 Ra5 70.Re6 Kf5 71.Kf7 Rxe5 72.Rxe5+ Kxe5 
1/2-1/2

[Event "FIDE Grand Prix #2 (w)"]
[Site "Nanjing CHN"]
[Date "2009.10.07"]
[Round "9"]
[White "Dzagnidze, Nana"]
[Black "Fierro Baquero, Martha"]
[Result "1-0"]
[WhiteElo "2535"]
[BlackElo "2386"]
[EventDate "2009.09.27"]
[PlyCount "145"]

1.d4 Nf6 2.c4 g6 3.Nc3 Bg7 4.e4 d6 5.Be2 O-O 6.Bg5 Na6 7.Qd2 e5 8.d5 Qe8 
9.Bd1 Bd7 10.Nge2 Nh5 11.Bc2 Nb4 12.Bb1 a5 13.f3 f5 14.exf5 gxf5 15.O-O 
Kh8 16.a3 Na6 17.Bc2 a4 18.Rae1 Nc5 19.Nd4 Qg6 20.Ndb5 Rac8 21.g4 Nf4 22.
Bxf4 exf4 23.Kh1 Be5 24.Rg1 Qh6 25.gxf5 Bxf5 26.Bxf5 Rxf5 27.Nd4 Rg5 28.
Rxg5 Qxg5 29.Ne6 Nxe6 30.dxe6 Qf6 31.Nxa4 Qxe6 32.Qe2 Rg8 33.Nc5 Qf7 34.
Nd3 Bd4 35.b3 Qg6 36.Qf1 Qf5 37.Qe2 Qg5 38.Qf1 Qh4 39.Qe2 Be3 40.Qb2+ Rg7 
41.Re2 Kg8 42.Rg2 Rxg2 43.Qxg2+ Kf7 44.Qg4 Qf6 45.Qd7+ Kg6 46.Kg2 h5 47.
Kh3 Qc3 48.Qe8+ Kg5 49.Qg8+ Kh6 50.Qf8+ Kg5 51.Qg8+ Kh6 52.Qe6+ Kg7 53.Qe4
Qxb3 54.Kh4 Qc3 55.Qe7+ Kg8 56.Qd8+ Kf7 57.Qxc7+ Ke6 58.Qc8+ Ke7 59.Qxb7+ 
Ke8 60.Qc6+ Ke7 61.Qe4+ Kd8 62.Qd5 Kc7 63.a4 Qc2 64.h3 Qxa4 65.Qf7+ Kb6 
66.Kxh5 Qd1 67.Qd5 Kc7 68.Nxf4 Qg1 69.Qa5+ Kb7 70.Qb5+ Kc7 71.Nd5+ Kd8 72.
Qb8+ Kd7 73.Qc7+ 1-0

[Event "FIDE Grand Prix #2 (w)"]
[Site "Nanjing CHN"]
[Date "2009.10.07"]
[Round "9"]
[White "Ju Wenjun"]
[Black "Mkrtchian, Lilit"]
[Result "1/2-1/2"]
[WhiteElo "2443"]
[BlackElo "2469"]
[EventDate "2009.09.27"]
[PlyCount "73"]

1.d4 Nf6 2.c4 e6 3.Nf3 b6 4.g3 Ba6 5.Qc2 Bb7 6.Bg2 c5 7.d5 exd5 8.cxd5 
Nxd5 9.O-O Be7 10.Rd1 Qc8 11.a3 Nc7 12.e4 O-O 13.Nc3 Nc6 14.Be3 Bf6 15.Rd2
Ne5 16.Nxe5 Bxe5 17.f4 Bxc3 18.Qxc3 Re8 19.Rad1 Bxe4 20.Bxe4 Rxe4 21.Rxd7 
Ne8 22.Qd3 Nf6 23.Rd6 Qe8 24.Bd2 h5 25.Bc3 Re3 26.Qf5 Ne4 27.Rd7 Nxc3 28.
bxc3 Re2 29.Kh1 Kf8 30.Rc7 g6 31.Qd5 Re1+ 32.Rxe1 Qxe1+ 33.Kg2 Qe2+ 34.Kh3
Qg4+ 35.Kg2 Qe2+ 36.Kh3 Qg4+ 37.Kg2 1/2-1/2

[Event "FIDE Grand Prix #2 (w)"]
[Site "Nanjing CHN"]
[Date "2009.10.07"]
[Round "9"]
[White "Batkhuyag, Munguntuul"]
[Black "Zhao Xue"]
[Result "1/2-1/2"]
[WhiteElo "2418"]
[BlackElo "2542"]
[EventDate "2009.09.27"]
[PlyCount "133"]

1.e4 e5 2.Nf3 Nc6 3.Bb5 a6 4.Ba4 Nf6 5.O-O Be7 6.Re1 b5 7.Bb3 d6 8.a4 Bg4 
9.c3 Na5 10.Bc2 c5 11.d3 O-O 12.h3 Bd7 13.Nbd2 Qc7 14.Nf1 Rfb8 15.d4 cxd4 
16.cxd4 Nc6 17.axb5 Nb4 18.Bb1 Bxb5 19.Bd2 Nc6 20.Bc3 Re8 21.Ne3 Bf8 22.
Bc2 Qb7 23.Nd5 Nd7 24.Qd2 h6 25.Rad1 Rac8 26.Ra1 Nb6 27.Nxb6 Qxb6 28.Bb3 
Qc7 29.Bd5 Qe7 30.Bxc6 Rxc6 31.dxe5 dxe5 32.Bxe5 Re6 33.Bc3 Rxe4 34.Rxe4 
Qxe4 35.Nd4 Bc4 36.Re1 Qxe1+ 37.Qxe1 Rxe1+ 38.Bxe1 Bc5 39.Bc3 f6 40.f4 Kf7
41.Kf2 Bd5 42.g4 Bb6 43.h4 g6 44.Ke2 h5 45.gxh5 gxh5 46.Kd3 Kg6 47.f5+ Kf7
48.Ke3 Ke7 49.Kd3 Bc7 50.Be1 Kd7 51.Ke3 Be5 52.b4 Bc7 53.Ne2 Bb6+ 54.Kd3 
Bf3 55.Nf4 Bc7 56.Ke3 Bg4 57.Ke4 Bd1 58.Bc3 Bd6 59.Nd5 Kc6 60.Nxf6 Bc2+ 
61.Ke3 Bxf5 62.Nxh5 Kb5 63.Ng7 Bh7 64.Ne8 Be7 65.Nf6 Bxf6 66.Bxf6 Kxb4 67.
Kf4 1/2-1/2

[Event "FIDE Grand Prix #2 (w)"]
[Site "Nanjing CHN"]
[Date "2009.10.08"]
[Round "10"]
[White "Fierro Baquero, Martha"]
[Black "Ju Wenjun"]
[Result "0-1"]
[WhiteElo "2386"]
[BlackElo "2443"]
[EventDate "2009.09.27"]
[PlyCount "80"]

1.e4 c5 2.Nf3 d6 3.d4 cxd4 4.Nxd4 Nf6 5.Nc3 a6 6.h3 e6 7.g4 b5 8.Bg2 Bb7 
9.O-O Qc7 10.Re1 Be7 11.a4 bxa4 12.Rxa4 O-O 13.Rb4 Ra7 14.Be3 Ba8 15.Rb3 
Rb7 16.g5 Nfd7 17.Qd2 Rxb3 18.Nxb3 Ne5 19.Qe2 Nc4 20.Bc1 Nd7 21.Nd2 Ndb6 
22.Nxc4 Nxc4 23.Na4 Qa5 24.b3 Bc6 25.Rd1 Bb5 26.bxc4 Bxa4 27.Ba3 Bxc2 28.
Qxc2 Qxa3 29.h4 Rb8 30.Rd3 Qa1+ 31.Rd1 Qe5 32.Qa4 a5 33.Ra1 Rb2 34.Qd7 Qd4
35.Rf1 Bf8 36.h5 g6 37.hxg6 hxg6 38.Qc6 Qd2 39.Qa6 Qxg5 40.Ra1 Qc5 0-1

[Event "FIDE Grand Prix #2 (w)"]
[Site "Nanjing CHN"]
[Date "2009.10.09"]
[Round "11"]
[White "Dzagnidze, Nana"]
[Black "Zhao Xue"]
[Result "1/2-1/2"]
[WhiteElo "2535"]
[BlackElo "2542"]
[EventDate "2009.09.27"]
[PlyCount "206"]

1.d4 Nf6 2.c4 e6 3.Nf3 b6 4.Nc3 Bb4 5.Bg5 Bb7 6.e3 h6 7.Bh4 Bxc3+ 8.bxc3 
d6 9.Nd2 Nc6 10.Bd3 g5 11.Bg3 Qe7 12.O-O O-O-O 13.f4 Rdg8 14.e4 gxf4 15.
Rxf4 e5 16.Rf5 Ng4 17.d5 Nb8 18.Qf3 h5 19.Rxf7 Qg5 20.Qf5+ Qxf5 21.Rxf5 h4
22.Bf2 Kd8 23.h3 Nxf2 24.Kxf2 Bc8 25.Rf3 Nd7 26.Rg1 Nf8 27.Rf7 Bd7 28.Be2 
Ke8 29.Rf3 Ke7 30.c5 bxc5 31.Rb1 Ng6 32.c4 Nf4 33.Bf1 Rb8 34.Rfb3 Rb6 35.
Ra3 Rhb8 36.Rbb3 a6 37.Nf3 Ng6 38.Be2 Ra8 39.Ra5 Bc8 40.Nh2 Bb7 41.Bg4 Rh8
42.Nf3 Rxb3 43.axb3 Nf4 44.Ra2 Ng6 45.Ke3 Ke8 46.Bf5 Ne7 47.Be6 Ng6 48.Bg4
Ne7 49.Ng5 Rg8 50.Ne6 c6 51.Nc7+ Kd8 52.Ne6+ Ke8 53.Nc7+ Kd8 54.Nxa6 cxd5 
55.cxd5 Bc8 56.Bf3 Ng6 57.b4 Rg7 58.bxc5 Ra7 59.Nb4 Rxa2 60.Nxa2 dxc5 61.
Be2 Ke7 62.Nc1 Bd7 63.Nb3 Kd6 64.Na5 Kc7 65.Nc4 Bc8 66.Nd2 Kd6 67.Bf1 Ke7 
68.Kf3 Bd7 69.g3 hxg3 70.Kxg3 Ba4 71.h4 Nf4 72.Ba6 Kf6 73.Kf3 Bd1+ 74.Kf2 
Bc2 75.Be2 Nxe2 76.Kxe2 c4 77.Nxc4 Bxe4 78.Ne3 Bg6 79.Kd2 e4 80.Kc3 Ke5 
81.Kc4 Be8 82.Kc5 Kf4 83.Kd4 Bd7 84.d6 Ba4 85.Ng2+ Kf5 86.Kd5 Bb3+ 87.Kc5 
Ba4 88.Ne3+ Kf4 89.Kd4 Bb5 90.Ng2+ Kf5 91.Ne3+ Kf4 92.h5 Kg5 93.Kxe4 Kxh5 
94.Kf5 Bd7+ 95.Kf6 Kh6 96.Ke7 Ba4 97.Nd5 Kg6 98.Nc3 Bc6 99.Kd8 Bf3 100.Nb5
Kf6 101.Nd4 Bg4 102.Kc7 Bh3 103.d7 Bxd7 1/2-1/2

[Event "FIDE Grand Prix #2 (w)"]
[Site "Nanjing CHN"]
[Date "2009.10.09"]
[Round "11"]
[White "Ju Wenjun"]
[Black "Batkhuyag, Munguntuul"]
[Result "1-0"]
[WhiteElo "2443"]
[BlackElo "2418"]
[EventDate "2009.09.27"]
[PlyCount "103"]

1.d4 Nf6 2.c4 c5 3.d5 e6 4.Nc3 exd5 5.cxd5 Bd6 6.Nf3 Bc7 7.e4 d6 8.h3 O-O 
9.Bd3 Re8 10.O-O a6 11.a4 Nbd7 12.Bg5 h6 13.Bh4 Rb8 14.Re1 Ba5 15.Bg3 Ne5 
16.Nxe5 dxe5 17.Qe2 Bc7 18.Rec1 Bd7 19.Nd1 Qe7 20.a5 Rec8 21.Ne3 Ne8 22.b3
Bd6 23.Nc4 Bb5 24.Nb6 Bxd3 25.Qxd3 Rd8 26.Qe3 f6 27.Nc4 Rdc8 28.f3 Qf8 29.
Bf2 Be7 30.Rc2 Nc7 31.Nb6 Rd8 32.b4 Nb5 33.bxc5 Nd4 34.Rac1 Nxc2 35.Rxc2 
f5 36.c6 bxc6 37.dxc6 Bd6 38.c7 Bxc7 39.Rxc7 Qb4 40.exf5 Qb1+ 41.Kh2 Qxf5 
42.Bg3 Re8 43.Nc4 Qf8 44.Bxe5 Rbc8 45.Rxc8 Rxc8 46.Nd6 Rc6 47.Qb3+ Kh8 48.
Qd5 Rc1 49.Nf7+ Kh7 50.Qd3+ g6 51.Qd7 Kg8 52.Nd6 1-0